Adán Buenosayres /
Guardat en:
| Autor principal: | |
|---|---|
| Format: | Llibre |
| Idioma: | Spanish |
| Publicat: |
[Madrid] : San José, Costa Rica:
Allca XX : Universidad de Costa Rica,
1997.
|
| Edició: | 1. edición |
| Col·lecció: | Colección Archivos
31 |
| Matèries: | |
| Etiquetes: |
Afegir etiqueta
Sense etiquetes, Sigues el primer a etiquetar aquest registre!
|
MARC
| LEADER | 00000nam a2200000 b 4500 | ||
|---|---|---|---|
| 001 | bimo0000726354 | ||
| 005 | 20150521105800.0 | ||
| 008 | 971119s1997 sp | ||| ||spa | ||
| 020 | |a 848966630X | ||
| 040 | |a SpMaBN |b spa |c SpMaBN |d CRU CIICLA | ||
| 082 | |a Ar863.4 |b M323a | ||
| 100 | 2 | |a Marechal, Leopoldo |d 1900-1970 | |
| 245 | 1 | |a Adán Buenosayres / |h [Texto impreso] |c Leopoldo Marechal ; coordinadores, Jorge Lafforgue, Fernando Colla | |
| 250 | |a 1. edición | ||
| 260 | |a [Madrid] : San José, Costa Rica: |b Allca XX : Universidad de Costa Rica, |c 1997. | ||
| 300 | |a 978 páginas | ||
| 490 | 1 | |a Colección Archivos |v 31 | |
| 504 | |a Bibliografía: páginas [966]-978. | ||
| 600 | 1 | 7 | |a Marecarechal, Leopoldo |d 1900-1970 |t Adán Buenosayres |2 embne |
| 650 | 1 | 4 | |a LITERATURA ARGENTINA |x CRITICA E INTERPRETACION |
| 942 | |2 ddc |c BK | ||
| 956 | |a 2 | ||
| 999 | |c 4145 |d 4145 | ||



